| 000 | 00620nam a2200181 a 4500 | ||
|---|---|---|---|
| 005 | 20231128063636.0 | ||
| 008 | 991125s1994 mx 000 0 spa u | ||
| 035 | _aUPN01000007551 | ||
| 049 | _aCG | ||
| 050 | 4 |
_aF1219.1 CH2 _bM6.2 |
|
| 100 | 1 | _aMontoya Cameras, Armando | |
| 245 | 1 | 0 |
_aChiapas y sus retos al descubierto : _blas etnias y su problemática : agraria, política y religiosa / _cArmando Montoya Cameras. |
| 260 |
_aTuxtla Gutiérrez : _bUNACH, _c1994. |
||
| 300 |
_a116 p. : _bil. |
||
| 650 | 4 |
_aIndígenas de México _zChiapas _98413 |
|
| 651 | 4 |
_aCHIAPAS - _xVIDA SOCIAL Y COSTUMBRES _913385 |
|
| 905 | _aLibro | ||
| 999 |
_c7551 _d7551 |
||